000
00250nam a2200109Ia 4500
008
220204s9999 xx 000 0 und d
082
_a
82-3
_b
BUC
100
_a
Buck, Pearl S
245
0
_a
All under heaven
260
_a
London
_b
Pan
_c
1977
942
_c
BK
999
_c
32248
_d
32248